| 000 | 00000nam##2200000za#4500 |
| 001 | 9.688260 |
| 003 | CaOODSP |
| 005 | 20210624231338 |
| 007 | cr ||||||||||| |
| 008 | 150407|1994||||xxc|||||o f|0| 0 eng|d |
| 040 | |aCaOODSP|beng |
| 043 | |an-cn--- |
| 086 | 1 |aSN3-61/1994E-PDF |
| 110 | 1 |aCanada.|bNational Library of Canada. |
| 245 | 10|aClass FC : a classification for Canadian history |h[electronic resource] |
| 250 | |aSecond edition |
| 260 | |aOttawa - Ontario : |bNational Library of Canada |c1994. |
| 300 | |a142p.|bindex |
| 500 | |a"The second edition... is a revision and expansion of the first edition of the schedule which appeared in 1976. This schedule has replaced many LC-like classification schemes used by Canadian libraries to classify Canadian history."--Preface to the second edition. |
| 500 | |aCatalogue number and ISBN of the paper edition have been printed in the PDF edition. |
| 520 | 3 |aPresents the National Library's standardized classification schedule for Canadian history. This classification system is compatible with the Library of Congress classification system, and is a useful research tool for anyone interested in Canadian history. |
| 690 | 07|aDocument classification|2gcpds |
| 690 | 07|aCanadian history|2gcpds |
| 775 | 08|tClasse FC : cadre de classification de l'histoire du Canada |w(CaOODSP)9.632692 |
| 776 | 0#|tClass FC: a classification for Canadian history |w(CaOODSP)9.645522 |
| 856 | 40|ahttp://publications.gc.ca|qPDF|s233 KB|uhttps://publications.gc.ca/collections/Collection/SN3-61-1994E.pdf |